Statystyki dla Państwa o najniższej dzietności

Kliknij tutaj aby rozwiązać quiz!

Ogólne statystyki

  • Ten quiz został rozwiązany 1,169 razy
  • Średni wynik to 12 z 20

Statystyki odpowiedzi

# Kraj % Correct
1,35Polska
93%
1,45Niemcy
87%
1,45Czechy
72%
1,41Słowacja
72%
1,44Włochy
70%
1,41Japonia
65%
1,43Grecja
64%
1,36Słowenia
63%
1,47Austria
63%
1,44Serbia
63%
1,35Rumunia
62%
1,40Chorwacja
61%
1,45Węgry
60%
1,46Bułgaria
58%
1,30Bośnia i Hercegowina
53%
1,26Korea Południowa
50%
0,83Singapur
34%
1,40Andora
33%
1,47Cypr
32%
1,13Tajwan
23%

Rozkład punktacji

Percentyl według liczby udzielonych odpowiedzi

Procent ludzi z każdym wynikiem

Twoja historia wyników

Nie rozwiązałeś tego quizu